Ha Noi Who are you? : Hanoian food = Hà Nội, Bạn là ai? : Món ăn Hà Nội
Giới thiệu các món ăn của người Hà Nội
Đã lưu trong:
| 主要作者: | |
|---|---|
| 格式: | 图书 |
| 语言: | Undetermined |
| 出版: |
Hà Nội
Nxb Hà Nội
2010
|
| 主题: | |
| 标签: |
添加标签
没有标签, 成为第一个标记此记录!
|
| Thư viện lưu trữ: | Trung tâm Học liệu Trường Đại học Cần Thơ |
|---|
| LEADER | 00752nam a2200205Ia 4500 | ||
|---|---|---|---|
| 001 | CTU_164572 | ||
| 008 | 210402s9999 xx 000 0 und d | ||
| 082 | |a 641.5959731 | ||
| 082 | |b H566 | ||
| 100 | |a Hữu Ngọc | ||
| 245 | 0 | |a Ha Noi Who are you? : Hanoian food = | |
| 245 | 0 | |b Hà Nội, Bạn là ai? : Món ăn Hà Nội | |
| 245 | 0 | |c Hữu Ngọc (chủ biên) ; Lady Borton hợp tác | |
| 260 | |a Hà Nội | ||
| 260 | |b Nxb Hà Nội | ||
| 260 | |c 2010 | ||
| 520 | |a Giới thiệu các món ăn của người Hà Nội | ||
| 650 | |a Cooking, Vietnamese,Món ăn, Người Việt Nam,Hà Nội (Việt Nam) | ||
| 904 | |i Năm | ||
| 980 | |a Trung tâm Học liệu Trường Đại học Cần Thơ | ||